000 00475nam a2200145Ia 4500
008 150121s9999 xx 000 0 und d
020 _a2012-3981
245 _aJPAIR Multidisciplinary Journal /
_h[electronic resource]
260 _bPhilippine Association of Institutions for Research,
_c2013.
516 _aElectronic text
650 _aMultidisciplinary.
830 _aPhilippine E-Journals
856 _uhttp://www.ejournals.ph/index.php?journal=JPAIRMJ
942 _cEJ
999 _c277040
_d277040